Controladores de velocidad de motores de corriente alterna por corriente parásitas.

Uloženo v:
Podrobná bibliografie
Hlavní autor: Mora Mora, Fabricio Martin
Médium: Kniha
Vydáno: San José, Costa Rica 1994
Témata:
Tagy: Přidat tag
Žádné tagy, Buďte první, kdo vytvoří štítek k tomuto záznamu!

MARC

LEADER 00000nam a2200000Ia 4500
003 007575
005 20221231144257.0
008 140114s1994 cr a m 000 ||s d
040 |c cru CEDI 
090 |a TFG 3225 
100 |a Mora Mora, Fabricio Martin  |9 10954 
245 |a Controladores de velocidad de motores de corriente alterna por corriente parásitas. 
260 |c 1994  |a San José, Costa Rica 
300 |a  vii, [49] h : ilustraciones.  
500 |a  Proyecto de graduación (bachillerato en ingeniería eléctrica)-- Universidad de Costa Rica. Facultad de Ingeniería. Escuela de Ingeniería Eléctrica 
650 |x MOTORES ELECTRICOS DE CORRIENTE ALTERNA   |x REGULADORES ELECTRICOS  |9 10955 
942 |c TFG 
999 |c 19484  |d 19484